| 000 | 01599cam a22003614a 4500 | ||
|---|---|---|---|
| 001 | 12483177 | ||
| 005 | 20060821180341.0 | ||
| 008 | 010726s2002 enk b 001 0 eng | ||
| 010 | _a 2001004496 | ||
| 020 | _a9780745627168 (HB : alk. paper) | ||
| 020 | _a0745627153 | ||
| 020 | _a9780745627151 | ||
| 020 | _a0745627161 | ||
| 020 | _a9780745627168 | ||
| 040 |
_aDLC _cDLC _dDLC |
||
| 042 | _apcc | ||
| 050 | 0 | 0 |
_aHQ1075 _b.C658 2002 |
| 082 | 0 | 0 |
_a305.3072 _221 _bCON |
| 100 | 1 |
_aConnell, Raewyn _d1944- |
|
| 245 | 1 | 0 |
_aGender / _cR. W. Connell. |
| 260 |
_aCambridge, UK : _bPolity ; _cc2002. |
||
| 300 |
_aviii, 173 p. ; _c24 cm. |
||
| 500 | _aReprinted in 2008. | ||
| 504 | _aIncludes bibliographical references and index. | ||
| 650 | 0 |
_aSex role _xResearch. |
|
| 650 | 0 |
_aGender identity _xResearch. |
|
| 650 | 0 |
_aSexology _xResearch. |
|
| 942 |
_2ddc _cBB |
||
| 999 |
_c10990 _d10990 |
||